Tableros didácticos en la escuela

Guardat en:
Dades bibliogràfiques
Autors principals: Mac Linker, Jerry (autor), Winkler, Max Karl (Autor)
Format: Llibre
Idioma:espanyol
Publicat: Ciudad de México CRAT 1971
Col·lecció:Materiales Audiovisuales Guías para el Maestro
Matèries:
Etiquetes: Afegir etiqueta
Sense etiquetes, Sigues el primer a etiquetar aquest registre!

MARC

LEADER 00000nam a2200000 a 4500
001 UCU0350
003 CL-VaPUC
008 960322e19710000MX |||||||||||||||||spa|d
082 0 4 |a 371.335  |b MAC  |2 21 
100 |a Mac Linker, Jerry  |e autor  |9 355441 
700 0 |a Winkler, Max Karl  |e author  |9 355413 
245 1 0 |a Tableros didácticos en la escuela 
300 |a 48 p 
942 |c BK 
945 |d 19960322 00:00:00  |a cmena 
260 |a Ciudad de México  |b CRAT  |c 1971 
650 7 |a MATERIAL DIDACTICO  |2 CL-VaPUC  |9 355414 
650 0 |a Tecnología educacional  |9 307265 
650 0 |a Métodos de enseñanza  |9 270413 
583 |a last modification  |c 19960322 00:00:00  |k Rodrigo Vera 
490 0 |a Materiales Audiovisuales Guías para el Maestro 
999 |c 245210  |d 245208 
952 |0 0  |1 0  |4 0  |6 371_335000000000000_MAC_1971  |7 0  |8 P  |9 259656  |a BIBEDU  |b BIBEDU  |c BIBEDU_PB  |d 2019-11-19  |i 1632388  |o 371.335 MAC 1971  |p 1632388  |r 2024-01-25  |w 2019-11-19  |y BK  |k EDU 
952 |0 0  |1 0  |4 0  |6 371_335000000000000_MAC_1971  |7 0  |8 P  |9 259657  |a BIBEDU  |b BIBEDU  |d 2019-11-19  |i 1632256  |o 371.335 MAC 1971  |p 1632256  |r 2024-01-25  |w 2019-11-19  |y BK  |k EDU